Central Library OPAC University of Rajshahi

Banking Around the World / (Record no. 3399)

MARC details
000 -LEADER
fixed length control field 00606nam a22002177a 4500
001 - CONTROL NUMBER
control field 3399
003 - CONTROL NUMBER IDENTIFIER
rucl marc code BD-RjUL
005 - DATE AND TIME OF LATEST TRANSACTION
control field 20211208233726.0
008 - FIXED-LENGTH DATA ELEMENTS--GENERAL INFORMATION
fixed length control field 131219s1982 ii d|||| |||| 001 0 eng d
035 ## - SYSTEM CONTROL NUMBER
System control number (BD-RjUL)3433
040 ## - CATALOGING SOURCE
Original cataloging agency BD-RjUL
Language of cataloging eng
Transcribing agency BD-RjUL
041 ## - LANGUAGE CODE
Language code of text/sound track or separate title eng
082 04 - DEWEY DECIMAL CLASSIFICATION NUMBER
Classification number 332.15
Author mark and year MOB 1982
100 1# - MAIN ENTRY--PERSONAL NAME
Personal name Mongia, J.N
9 (RLIN) 10673
245 1# - TITLE STATEMENT
Title Banking Around the World /
Statement of responsibility, etc. J.N. Mongia
260 ## - PUBLICATION, DISTRIBUTION, ETC. (IMPRINT)
Place of publication, distribution, etc. New Delhi :
Name of publisher, distributor, etc. Allied Publishers Private Limited,
Date of publication, distribution, etc. 1982
300 ## - PHYSICAL DESCRIPTION
Pagination vii, 569p. :
Illustrations ill. ;
Size 21cm.
504 ## - BIBLIOGRAPHY, ETC. NOTE
Bibliography, etc Includes Index
650 07 - SUBJECT ADDED ENTRY--TOPICAL TERM
Topical term or geographic name as entry element Banks and banking
9 (RLIN) 10674
Form subdivision History.
942 ## - ADDED ENTRY ELEMENTS (KOHA)
Source of classification or shelving scheme Dewey Decimal Classification
Koha item type Books
Holdings
Lost status Source of classification or shelving scheme Damaged status Not for loan Collection code Permanent Location Current Location Shelving location Date acquired Source of acquisition Cost, normal purchase price Total Checkouts Full call number Date last seen Copy number Koha item type
  Dewey Decimal Classification   Not For Loan Non-fiction Central Library, University of Rajshahi Central Library, University of Rajshahi Reading Room 23/08/1984 A.B.A.Cal 125.00   332.15 MOB 1982 19/12/2013 C-1 Books
  Dewey Decimal Classification     Non-fiction Central Library, University of Rajshahi Central Library, University of Rajshahi   23/08/1984 Tulip Enterprize, Dhaka 150.00   332.15 MOB 01/08/2016 C-2 Books
  Dewey Decimal Classification     Non-fiction Central Library, University of Rajshahi Central Library, University of Rajshahi   23/08/1984 A.B.A.CAL. 125.00   332.15 MOB 1982 04/09/2016 C-3 Books